Príspevok k nanášaniu laku na drôty v elektrickom poli : Kand.diz.práca : V.odb. 26-01-9 : Obh. 22.06.1967 /
Na minha lista:
| Autor principal: | |
|---|---|
| Formato: | Manuscrito Livro |
| Publicado em: |
Bratislava :
SVŠT v Bratislave EF,
1967
|
| Assuntos: | |
| Tags: |
Sem tags, seja o primeiro a adicionar uma tag!
|
MARC
| LEADER | 00000ntm a22000003a 4500 | ||
|---|---|---|---|
| 001 | stu5580 | ||
| 005 | 20150617225812.1 | ||
| 008 | ------s1967----------------------------d | ||
| 040 | |a STU |b slo | ||
| 041 | 0 | ||
| 100 | 1 | |a Ondrejkovič, Emil |4 aut | |
| 245 | 1 | |a Príspevok k nanášaniu laku na drôty v elektrickom poli : |b Kand.diz.práca : V.odb. 26-01-9 : Obh. 22.06.1967 / |c [aut.] Ondrejkovič,Emil, Ing | |
| 260 | |a Bratislava : |b SVŠT v Bratislave EF, |c 1967 | ||
| 300 | |a 83 s | ||
| 650 | 7 | |a elektrotechnológia |2 stusub | |
| 996 | |b 284ED00581 |c E*KDIZ-69 |l EE01 |s A |a 24 |w stu5580_0001 | ||